000 01436cam a22004334a 4500
001 muse55757
003 MdBmJHUP
005 20210127151122.0
006 m o d
007 cr||||||||nn|n
008 840404s1984 nyu o 00 0 eng d
010 _z 84007708
020 _a9781501707025
020 _z0801417104 (alk. paper)
020 _z9780801417108
035 _a(OCoLC)647278913
040 _aMdBmJHUP
_cMdBmJHUP
043 _ae-ur---
050 0 4 _aPN98.F6
_bS73 1984
082 0 _a801/.95
_219
100 1 _aSteiner, P.
_q(Peter),
_d1946-
245 1 0 _aRussian Formalism
_bA Metapoetics /
_cPeter Steiner.
264 1 _bCornell University Press,
264 3 _bProject MUSE,
300 _a1 online resource (276 p.)
500 _aBased on the author's thesis.
504 _aIncludes bibliographical references and index.
506 0 _aOpen Access
_fUnrestricted online access
_2star
588 _aDescription based on print version record.
650 0 _aFormalism (Literary analysis)
_zSoviet Union.
655 7 _aElectronic books.
_2local
710 2 _aProject Muse.
_edistributor
830 0 _aBook collections on Project MUSE.
856 4 0 _zFull text available:
_uhttps://muse.jhu.edu/book/47557/
999 _c24670
_d24670